000 00824nam a2200241Ia 4500
003 OSt
005 20220926015003.0
006 a|||||r|||| 00| 0
007 ta
008 220923b |||||||| |||| 00| 0 eng d
037 _cGeneral Book
040 _aRTL
_cRTL
_beng
041 _2eng
_aeng
082 _aX64.73.N49<--N00, J4
100 _aGoldsmith Raymond W
_9122743
245 0 _aShare of financial intermediaries in national weal
260 _aNew York
_bNational Bureau Of Economic Research USA
_c1954
300 _a120p Appendix p 106-20
_ccm.
490 _aNational Bureau Of Economic Research, Studies In Capital Formation And Financing, Occasional Paper 42
650 _aMoney Markets
942 _hX64.73.N49<--N00, J4
_cGB
_2CC
999 _c630298
_d630298